000 00476nam a2200181Ia 4500
008 220204s9999 xx 000 0 und d
082 _a577.1
_bBOW;1
100 _aBowen, H J M
245 0 _aTrace elements in biochemistry
260 _aLondon
_bAcademic
_c1966
650 _aElementary cycles
650 _aEssential element
650 _aIsotopes
650 _aNatural radioactivity
650 _aSoil composition
650 _aTerrestrial geochemistry
942 _cBK
999 _c21302
_d21302